00379nam a2200145Ia 4500008004100000020001500041041001200056082001100068100001300079245007100092260003300163300000800196650001600204700001300220221030s9999 xx 000 0 und d a9380016578 aEnglish a105.23 aR. Singh 0aIntroduction to Microprocessors 8085 & 8086cby R. Singh, I. Singh bKhanna Pub.aNew Delhic2010 a452 aBE Computer aI. Singh